| 000 | 00525nam a22001937a 4500 | ||
|---|---|---|---|
| 003 | OSt | ||
| 005 | 20140310181707.0 | ||
| 008 | 121123t xxu||||| |||| 00| 0 eng d | ||
| 020 | _a0812533429 | ||
| 050 |
_aPZ 7 _b.D644 1993 |
||
| 082 |
_aCLA D66h _b1993 |
||
| 100 |
_aDodge, Mary Mapes _93872 |
||
| 245 |
_aHans Brinker or the Silver Skates/ _cMary Mapes Dodge. |
||
| 260 |
_aNew York: _bTom Doherty Associates Books, _cc1993. |
||
| 300 |
_g242 p. : _b17 cm. |
||
| 541 | _j1 | ||
| 562 | _e1 | ||
| 942 |
_2lcc _cBBK _kCLA |
||
| 999 |
_c1371 _d1371 |
||